Aves tropicales: (Registro nro. 16637)
[ vista simple ]
| 000 -CABECERA | |
|---|---|
| Campo de control | 004070000a22001330004500 |
| 005 - FECHA Y HORA DE LA ULTIMA TRANSACCION | |
| Campo de control | 20170207120344.0 |
| 008 - ELEMENTOS DE LONGITUD FIJA—INFORMACION GENERAL | |
| Campo de control | 170207b xxu||||| |||| 00| 0 spa d |
| 040 ## - FUENTE DE CATALOGACIÓN | |
| Agencia catalogadora original | CO-BoIAVH |
| Agencia transcriptora | CO-BoIAVH |
| 090 ## - CLASIFICACIÓN LOCAL | |
| Colección | MM |
| Consecutivo | 00252 |
| 245 10 - MENCION DE TITULO | |
| Título | Aves tropicales: |
| Parte restante del título | a vuelo de pájaro para jugar. |
| Medio físico | Cd-Rom |
| 300 ## - DESCRIPCION FISICA | |
| Extensión | CD-ROM |
| Otros detalles físicos | 1 juego didáctico en el aplicativo |
| 650 ## - ASIENTO SECUNDARIO DE MATERIA - TERMINO TEMATICO | |
| Término temático o nombre geográfico como elemento de entrada | Aves |
| Subdivisión general | juegos didácticos |
| 9 (RLIN) | 78980 |
| 942 ## - ELEMENTOS ADICIONALES (KOHA) | |
| Tipo de ítem | CD-ROM |
| Sistema de clasificación | Local |
| Withdrawn status | Lost status | Sistema de Clasificación | Damaged status | No para préstamo | Colección | Ubicación Permanente | Ubicación actual | Fecha de adquisición | Total Checkouts | Número topográfico | Inventario / Código de Barras | Date last seen | Ejemplar | Price effective from | Tipo de material |
|---|---|---|---|---|---|---|---|---|---|---|---|---|---|---|---|
| Local | Audiovisual | Bogotá | Bogotá | 07/02/2017 | MM-00252 | 014235 | 25/03/2015 | Ej.1 | 25/03/2015 | CD-ROM |